[Event "FIN-chT 2022"]
[Site "Finland"]
[Date "2022.05.22"]
[Round "10.4"]
[White "Papula, Niko"]
[Black "Multanen, Jimi"]
[Result "0-1"]
[WhiteElo "1895"]
[BlackElo "1990"]
[PlyCount "94"]
[EventDate "2020.09.12"]
[EventType "team-tourn"]
[EventRounds "11"]
[EventCountry "FIN"]
[SourceTitle "EXT 2023"]
[Source "ChessBase"]
[SourceDate "2022.10.05"]
[SourceVersion "1"]
[SourceVersionDate "2022.10.05"]
[SourceQuality "1"]
[WhiteTeam "Helsinki Ninja"]
[BlackTeam "Tampere Tammer"]
[WhiteTeamCountry "FIN"]
[BlackTeamCountry "FIN"]

1. c4 e5 2. Nc3 Nc6 3. g3 f5 4. Bg2 Nf6 5. e3 g6 6. Nge2 Bg7 7. 0-0 0-0 8. d4 d6 9. Rb1 Qe8 10. b4 g5 11. b5 Nd8 12. dxe5 dxe5 13. Ba3 Rf7 14. Nd5 Be6 15. Qc2 c6 16. bxc6 Nxc6 17. Rfd1 Rc8 18. Qa4 h5 19. Nxf6+ Bxf6 20. Bd5 Kg7 21. Nc3 e4 22. Bxe6 Qxe6 23. Nd5 Be5 24. Bb2 Bxb2 25. Rxb2 Ne5 26. Qxa7 b5 27. Qb6 Rc6 28. Qd8 Kh7 29. Rxb5 Rc8 30. Qb6 Rc6 31. Qb8 Nf3+ 32. Kg2 f4 33. Rb7 fxe3 34. Nxe3 Qf6 35. Rxf7+ Qxf7 36. Qd8 Rc7 37. Qd5 Qg6 38. c5 h4 39. Qd6 h3+ 40. Kxh3 Qh5+ 41. Kg2 Qxh2+ 42. Kf1 Rf7 43. g4 Qg1+ 44. Ke2 Nd4+ 45. Kd2 Qxf2+ 46. Kc1 Qxe3+ 47. Kb1 Rb7+ 0-1

[Event "FIN-chT 2022"]
[Site "Finland"]
[Date "2022.04.10"]
[Round "11.5"]
[White "Multanen, Jimi"]
[Black "Sorsa, Nuutti"]
[Result "1-0"]
[WhiteElo "1990"]
[BlackElo "2186"]
[PlyCount "76"]
[EventDate "2020.09.12"]
[EventType "team-tourn"]
[EventRounds "11"]
[EventCountry "FIN"]
[SourceTitle "EXT 2023"]
[Source "ChessBase"]
[SourceDate "2022.10.05"]
[SourceVersion "1"]
[SourceVersionDate "2022.10.05"]
[SourceQuality "1"]
[WhiteTeam "Tampere Tammer"]
[BlackTeam "Turku TuTS"]
[WhiteTeamCountry "FIN"]
[BlackTeamCountry "FIN"]

1. e4 d6 2. d4 Nf6 3. Nc3 c6 4. f4 Qb6 5. Nf3 Bg4 6. Be2 Nbd7 7. 0-0 e5 8. Be3 Be7 9. Qd2 exf4 10. Bxf4 0-0 11. Kh1 Rad8 12. Bd3 Bxf3 13. gxf3 Qxd4 14. Be3 Qe5 15. Ne2 Nh5 16. f4 Qf6 17. Nd4 g6 18. f5 c5 19. Nf3 Ne5 20. Qg2 Nxf3 21. Rxf3 Qxb2 22. Raf1 Bf6 23. Bc4 Kh8 24. fxg6 fxg6 25. Bh6 Qe5 26. Bxf8 Rxf8 27. Qd2 Kg7 28. Bd5 b6 29. Qd3 Re8 30. Qa6 Qe7 31. Ra3 Qe5 32. Qxa7+ Re7 33. Qxb6 Nf4 34. Qb3 g5 35. Qf3 Qd4 36. Rb3 Kh6 37. Rb7 Re8 38. Qg4 Rxe4 1-0

[Event "Nordic-ch U17"]
[Site "Fredericia"]
[Date "2020.02.16"]
[Round "6"]
[White "Vitenberg, Noam Aviv"]
[Black "Multanen, Jimi"]
[Result "1-0"]
[WhiteElo "2276"]
[BlackElo "1701"]
[PlyCount "55"]
[EventDate "2020.02.14"]
[EventType "swiss"]
[EventRounds "6"]
[EventCountry "DEN"]
[SourceTitle "EXT 2021"]
[Source "ChessBase"]
[SourceDate "2020.10.23"]
[SourceVersion "1"]
[SourceVersionDate "2020.10.23"]
[SourceQuality "1"]

1. Nf3 Nf6 2. c4 e6 3. Nc3 d5 4. d4 c5 5. cxd5 Nxd5 6. e4 Nxc3 7. bxc3 cxd4 8. cxd4 Bb4+ 9. Bd2 Bxd2+ 10. Qxd2 0-0 11. Bc4 Nd7 12. 0-0 b6 13. d5 Nc5 14. Qf4 Bb7 15. Rfe1 exd5 16. exd5 b5 17. Bxb5 Qxd5 18. Bc4 Qc6 19. Rac1 Qg6 20. Nh4 Qb6 21. Nf5 Ne6 22. Qg3 g6 23. Rb1 Qc5 24. Bxe6 fxe6 25. Nh6+ Kg7 26. Rxb7+ Kxh6 27. Qh4+ Qh5 28. Qe7 1-0

[Event "Nordic-ch U17"]
[Site "Fredericia"]
[Date "2020.02.14"]
[Round "1"]
[White "Multanen, Jimi"]
[Black "Melaa, Sondre Lillestol"]
[Result "1-0"]
[WhiteElo "1701"]
[BlackElo "2180"]
[PlyCount "93"]
[EventDate "2020.02.14"]
[EventType "swiss"]
[EventRounds "6"]
[EventCountry "DEN"]
[SourceTitle "EXT 2021"]
[Source "ChessBase"]
[SourceDate "2020.10.23"]
[SourceVersion "1"]
[SourceVersionDate "2020.10.23"]
[SourceQuality "1"]

1. e4 e5 2. Nf3 Nc6 3. Bb5 a6 4. Ba4 Nf6 5. 0-0 Be7 6. Bxc6 dxc6 7. d3 Nd7 8. Nbd2 0-0 9. Nc4 f6 10. Nh4 Nc5 11. Nf5 Be6 12. Nce3 g6 13. Nxe7+ Qxe7 14. b3 b5 15. Ba3 a5 16. Bxc5 Qxc5 17. a4 Kg7 18. Qe2 Qd4 19. Qe1 f5 20. exf5 gxf5 21. axb5 cxb5 22. Rxa5 Rab8 23. Ra6 Rbe8 24. Rc6 Rf7 25. Qa5 f4 26. Nd1 Ree7 27. Re1 Bd5 28. Ra6 c6 29. Qd8 Bxb3 30. Qc8 Bxc2 31. Qxc6 Qd7 32. Qxc2 b4 33. Nb2 Qd4 34. Qc6 Qd8 35. Qh6+ Kg8 36. Nc4 Rg7 37. Qc6 Qxd3 38. Ra8+ Kf7 39. Nd6+ Kf6 40. Ne4+ Kf5 41. Qf6+ Kg4 42. h3+ Kh5 43. Ra6 Rg6 44. Qf5+ Kh6 45. Qg5+ Kg7 46. Qxe7+ Kh6 47. Rxg6+ 1-0

[Event "Nordic-ch U17"]
[Site "Fredericia"]
[Date "2020.02.14"]
[Round "2"]
[White "Stefansson, Vignir Vatnar"]
[Black "Multanen, Jimi"]
[Result "1-0"]
[WhiteElo "2323"]
[BlackElo "1701"]
[PlyCount "37"]
[EventDate "2020.02.14"]
[EventType "swiss"]
[EventRounds "6"]
[EventCountry "DEN"]
[SourceTitle "EXT 2021"]
[Source "ChessBase"]
[SourceDate "2020.10.23"]
[SourceVersion "1"]
[SourceVersionDate "2020.10.23"]
[SourceQuality "1"]

1. d4 Nf6 2. c4 e6 3. g3 d5 4. Bg2 dxc4 5. Qa4+ Nbd7 6. Nf3 c5 7. 0-0 Be7 8. dxc5 0-0 9. Qxc4 Bxc5 10. Bf4 Nd5 11. Nc3 Nxc3 12. Qxc3 Qe7 13. Rac1 f6 14. Nd4 Bb4 15. Qb3 Nb6 16. Rc7 Qd8 17. Nxe6 Bxe6 18. Qxe6+ Kh8 19. Bxb7 1-0

[Event "Nordic-ch U20"]
[Site "Borgarnes"]
[Date "2019.02.17"]
[Round "5"]
[White "Multanen, Jimi"]
[Black "Fjallheim, Leif Reinert"]
[Result "1/2-1/2"]
[WhiteElo "1544"]
[BlackElo "1712"]
[PlyCount "82"]
[EventDate "2019.02.14"]
[EventType "swiss"]
[EventRounds "6"]
[EventCountry "ISL"]
[SourceTitle "CBM 189 Extra"]
[Source "ChessBase"]
[SourceDate "2019.05.31"]
[SourceVersion "1"]
[SourceVersionDate "2019.05.31"]
[SourceQuality "1"]

1. Nf3 Nf6 2. g3 g6 3. b3 d6 4. d4 Bg7 5. Bb2 c6 6. Bg2 Nbd7 7. 0-0 0-0 8. c4 d5 9. Nc3 Nb6 10. cxd5 Nbxd5 11. Re1 Nxc3 12. Bxc3 Ne4 13. Bb2 f5 14. Nd2 Nxd2 15. Qxd2 e5 16. d5 e4 17. Red1 Qxd5 18. Qxd5+ cxd5 19. Bxg7 Kxg7 20. Rxd5 Be6 21. Rd6 Kf7 22. f3 Ke7 23. Rad1 exf3 24. Bxf3 Rab8 25. R6d4 b6 26. Ra4 a5 27. b4 axb4 28. Ra7+ Kf6 29. Rb1 Rf7 30. Ra4 b3 31. axb3 Rd7 32. Rb2 Rbd8 33. Rb4 Rd6 34. Kf2 g5 35. Ra2 g4 36. Bg2 Rb8 37. Ra6 h5 38. Ke3 Kg5 39. Rb5 Kf6 40. Rb4 Kg5 41. Rb5 Kf6 1/2-1/2